|
|
|
|
| LEADER |
00988nam a2200277 4500 |
| 001 |
DLU210196809 |
| 005 |
##20210727 |
| 040 |
# |
# |
|a DLU
|b vie
|
| 041 |
# |
# |
|a vie
|
| 044 |
# |
# |
|a vn
|
| 100 |
# |
# |
|a Nguyễn Hồng Dương.
|
| 245 |
# |
# |
|a Vai trò của Phật giáo Việt Nam trong đời sống cộng đồng người Việt tại Lào (Nghiên cứu trường hợp chùa Phật Tích ở Viêng Chăn) /
|c Nguyễn Hồng Dương.
|
| 653 |
# |
# |
|a Chùa Việt
|
| 653 |
# |
# |
|a Lào
|
| 653 |
# |
# |
|a Người Việt
|
| 653 |
# |
# |
|a Phật giáo Việt Nam
|
| 773 |
# |
# |
|t Nghiên cứu Tôn giáo
|g Số 9(189), 2019, tr. 112-128
|
| 920 |
# |
# |
|a Phòng Tạp chí -- Trung tâm Thông tin - Thư viện Trường Đại học Đà Lạt
|
| 994 |
# |
# |
|a DLU
|
| 900 |
# |
# |
|a True
|
| 911 |
# |
# |
|a Hoàng Thị Huyền
|
| 925 |
# |
# |
|a G
|
| 926 |
# |
# |
|a A
|
| 927 |
# |
# |
|a BB
|
| 980 |
# |
# |
|a Thư viện Trường Đại học Đà Lạt
|